000 00495nam a2200181Ia 4500
999 _c33636
_d33636
003 OSt
005 20201118155915.0
008 190216s9999||||xx |||||||||||||| ||und||
040 _coclc
082 _a530.15
_bPRA/M
100 _aPrakash, Satya
_94155
245 0 _aMathematical Physics /
_cSatya Prakash
250 _a1st Ed.
260 _bSultan Chand,
_c1997.
_aNew Delhi:
300 _a1250p
650 _aPhysics
942 _cBK
_2ddc
_h530.15
_iPRA/M
_k530.15
_mPRA/M